Państwa z największą liczbą egzekucji - Statystyki

Ogólne statystyki
  • Ten quiz został rozwiązany 28 477 razy
  • Średni wynik to 7 z 13
Statystyki odpowiedzi
# Kraj % Poprawnych
96 Stany Zjednoczone
89%
Tysiące rocznie Chiny
87%
Nieznane Korea Północna
82%
> 2304 Iran
70%
> 291 Irak
69%
> 607 Arabia Saudyjska
59%
> 487 Pakistan
53%
25 Japonia
52%
> 144 Egipt
49%
Nieznane Wietnam
38%
> 76 Somalia
32%
Nieznane Malezja
22%
29 Singapur
18%
Nie znaleziono quizów pasujących do podanych kryteriów
Rozkład punktacji
Procent ludzi z każdym wynikiem
Percentyl według liczby udzielonych odpowiedzi
Twoja historia wyników
Nie rozwiązałeś tego quizu